000 00379nam a2200133Ia 4500
005 20260326100030.0
008 260326s9999||||xx |||||||||||||| ||und||
100 _aFlores Marini, Carlos
245 0 _aCasas Virreinales en la Ciudad de México /
_cCarlos Flores Marini
260 _bFondo de Cultura Económica
300 _a117 p.
650 _aARQUITECTURA REGIONAL
942 _cBK
999 _c6561
_d6561